000 00462nmm a2200157Ia 4500
008 251105s9999||||xx |||||||||||||||||und||
020 _a9788498388350
041 _aspa
100 _aFaye, Gaël
245 0 _aPequeño país
264 _a[Madrid, España] :
_bEdiciones Salamandra,
_c[Fecha de publicación no identificada]
300 _a224 páginas
650 _aFrench narrative
856 _uhttps://public.digitaliapublishing.com/a/80415
942 _cCF
999 _c91873
_d91873